Normal view
MARC view
- BLACNHARD, R. H,MOWBARY, A. H
Entry Personal Name
001 - CONTROL NUMBER
- control field: 60186
003 - CONTROL NUMBER IDENTIFIER
- control field: NUST
005 - DATE AND TIME OF LATEST TRANSACTION
- control field: 20210628202511.0
008 - FIXED-LENGTH DATA ELEMENTS
- fixed length control field: 210628|| aca||aabn | a|a d
040 ## - CATALOGING SOURCE
- Original cataloging agency: NUST
- Transcribing agency: NUST
100 ## - HEADING--PERSONAL NAME
- Personal name: BLACNHARD, R. H,MOWBARY, A. H
670 ## - SOURCE DATA FOUND
- Source citation: Work cat.: (NUST): BLACNHARD, R. H,MOWBARY, A. H, INSURANCE ITS THEORY AND PRACTICE IN THE UNITED STATES, 1955
